Responses for show #7649 - Thursday, December 7, 2017

Contestants

[<< previous game]

Joe Gaspard, an operations specialist from Brooklyn, New York

Katia Noll, a director of global food safety from Milford, Connecticut

Kyle Becker, a research scientist from Nashville, Tennessee (whose 3-day cash winnings total $43,601)

[next game >>]

Jeopardy! Round responses

ANIMALS IN COMPETITION
THE 19th CENTURY
THE STATE UNIVERSITY IN...
LITERARY CHARACTERS
THEY'RE IN THE BAND
PARTS OF SPEECH
    $200 6
(Joe: What is chicken?)
...
(Alex: I thought I did a pretty good parrot imitation there.)
(Katia: Pretty good.)
(Alex: Yeah. Thank you.)

a parrot

KatiaJoe
    $200 26
the Eiffel Tower

Kyle
    $200 1
the University of Vermont

Katia
    $200 7
(Captain) Nemo

Kyle
    $200 15
the E Street Band

Joe
    $200 21
a noun

Katia
    $400 8
the Puppy Bowl

Kyle
    $400 27
Marshall

Joe
    $400 2
the University of Kansas

Kyle
    $400 12
Lisbeth Salander

Katia
    $400 16
Flavor Flav

Triple Stumper
    $400 22
an article

Joe
    $600 9
(Joe: What is the Preakness?)

the Breeders' Cup

Joe
Triple Stumper
    $600 28
Mecca

Kyle
    $600 3
Ole Miss (or Mississippi)

Kyle
    $600 13
Ove

Joe
    $600 17
The Temptations

Katia
    $600 23
an interjection

Katia
    $800 10
Westminster

Katia
    $2,000 29
(Sam) Houston

Kyle
    $800 4
the University of Illinois

Kyle
    $800 14
(Katia: What is professor?)

scrivener

Katia
Triple Stumper
    $800 19
OneRepublic

Triple Stumper
    $800 24
a preposition

Kyle
    $1000 11
(Alex: Think Mark Twain. "The Jumping Frog of [*].)

Calaveras County

Triple Stumper
    $1000 30
the Erie Canal

Kyle
    $1000 5
the University of South Dakota

Kyle
    $1000 18
Tartuffe

Triple Stumper
    $1000 20
Twenty One Pilots

Joe
    $1000 25
an adverb

Triple Stumper

Scores at the first commercial break (after clue 15):

Kyle Katia Joe
$3,400 $800 $0

Scores at the end of the Jeopardy! Round:

Kyle Katia Joe
$8,000 $2,200 $1,800

Double Jeopardy! Round responses

DESERTS
THE PULITZER PRIZE FOR BIOGRAPHY
"I" LOVE OPERA
NEW TO THE OED
I'M AMEN-ABLE TO THAT
SPEECH OF PARTS
(Alex: You have to name the actor or actress from the film dialogue we will give you as a quote.)
    $400 3
Australia

Joe
    $400 21
(Kyle: What is Congress?)
...
(Alex: He was the majority leader.)

the Senate

KyleJoe
    $400 26
(Alex: Less than a minute now.)

Iago

Kyle
    $400 1
(Joe: What is telecommute?)

teleconference

KyleJoe
    $400 12
the Hail Mary

Katia
    $400 7
Sandra Bullock

Katia
    $800 8
India

Katia
    $800 22
Julia Ward Howe

Triple Stumper
    $800 27
Isolde

Katia
    $800 2
defang

Katia
    $800 17
(Katia: What is the Torah?)

the Koran

KyleKatia
    $800 13
Samuel L. Jackson

Katia
    $1,400 9
(Katia: What is the Sahara?)

the Kalahari desert

Katia
    $1,000 23
FDR and Eleanor

Joe
    $1200 28
intermezzo

Katia
    $1200 4
full metal jacket

Katia
    $1200 18
Randy Travis

Triple Stumper
    $1200 14
(Joe: Who is Viola Davis?)
...
(Alex: It was in Wonder Woman.)

Gal Gadot

Joe
Triple Stumper
    $1600 10
(Joe: What is the Mojave?)

the Sonoran

KatiaJoe
    $1600 24
John Paul Jones

Triple Stumper
    $1600 29
[The end-of-round signal sounds.]

Ivanhoe

Kyle
    $1600 5
standup

Joe
    $1600 19
the Lord's Prayer

Kyle
    $1600 15
Will Ferrell

Katia
    $2000 11
Peru

Kyle
    $2000 25
John C. Calhoun

Triple Stumper
    $2000 6
the Hawaiian Islands

Triple Stumper
    $2000 20
(Alex: [*]. Pray the Lord.)

"Now I lay me down to sleep"

Triple Stumper
    $2000 16
(Alex: The Devil Wears Prada.)

Meryl Streep

Joe

Scores at the end of the Double Jeopardy! Round:

Kyle Katia Joe
$14,400 $9,600 $4,000

[wagering suggestions for these scores]

Final Jeopardy! Round responses

TIME MAGAZINE'S PERSON OF THE YEAR
(Alex: [To Joe] The leader of Germany.)
JoeWho is Angela Merkel?
$3,999
KatiaWho is Angela Merkel?
$9,599
KyleWho is Merkel?
$5,801
Angela Merkel

Final scores:

Kyle Katia Joe
$20,201 $19,199 $7,999
4-day champion: $63,802 2nd place: $2,000 3rd place: $1,000

Game dynamics:

Coryat scores:

Kyle Katia Joe
$13,200 $11,000 $4,200
17 R
(including 1 DD),
1 W
17 R,
3 W
(including 1 DD)
10 R
(including 1 DD),
5 W

Combined Coryat: $28,400

The J! Archive is created by fans, for fans. The Jeopardy! game show and all elements thereof, including but not limited to copyright and trademark thereto, are the property of Jeopardy Productions, Inc. and are protected under law. This website is not affiliated with, sponsored by, or operated by Jeopardy Productions, Inc. Join the discussion at JBoard.tv.